000
00244nam a2200097Ia 4500
008
230508s2011 xx 000 0 und d
041
_a
eng
100
_a
SRINIVASAN M R
245
_a
PHYSICS FOR ENGINEERING
260
_b
NEW AGE INTERNATIONA
_c
2011
999
_c
728660
_d
728660